000 00340nam a22001457a 4500
008 210310b ||||| |||| 00| 0 eng d
020 _a2900312467349
041 _aeng
080 _a82
082 _a82
100 _a21
101 _aGJL
245 _aConvergences themes, texts, and images for composition
_cAtwan,R
942 _2udc
_cBK
999 _c56263
_d56263